1798 1455 1024 1007 1064 1770 1900 1500 1048 1095 1648 1538 1073 1603 1522 1470 1555 1020 1256 1100 1031 1775 1073 1272 1158 1907 1431 1877 1937 1907 1311 1779 1300 1446 1826 1877 1416 1787 1926 1611 1427 1890 1963 1363 1246 1357 1645 1424 1934 1502 1416 1616 1029 1322 1462 1038 1451 1748 1695 1312 1380 1499 1805 1972 1794 1498 1852 1042 1517 1837 1298 1870 1804 1163 1729 1439 1144 1134 1861 1688 1580 1864 1300 1312 1271 1798 1023 1319 1284 1325 1958 1122 1703 1052 1363 1218 1927 1373 1989 BCNSPRNW ULIB Ver.6.0+V

เปลี่ยนเป็นภาษาไทย

Change to English
 แสดงรายละเอียดบรรณานุกรม
  กลับหน้าหลัก

Brief Record : Get Marc (ISO 2709) : E-mail record : QR code < ปิดหน้าต่าง
LEADER : 00000nas 2200000uu 4500
001    13399123153
003     ULIB
008    140409s||||||||th 000 0 tha d
022 0  22869514
245 00 วารสารวิชาการ สมาคมสถาบันอุดมศึกษาเอกชนแห่งประเทศไทย^nAPHEIT JOURNAL วิทยาศาสตร์และเทคโนโลยี
260    สมาคมสถาบันอุดมศึกษาเอกชนแห่งประเทศไทย
310    ^aรายเดือน
850    ^aปีที่ 2
945    ^p0^l0^i902157
999    ^aใช้งานได้ทุกระบบ
รายการนี้ยังไม่มีแท็ก
คุณยังไม่ได้ล็อกอิน คุณสามารถมีกิจกรรมร่วมกับเว็บไซต์ได้ แต่ต้องล็อกอินก่อน ::
  ล็อกอิน

รายการสื่อสารสนเทศ (วารสาร)

ดูแบบ: กล่อง รายการ
ARRIVED
ปีที่ 2
สถานที่: ห้องสมุดวิทยาเขตสวรรค์ประชารักษ์ >วารสาร

BibComment


ยังไม่เคยถูกคอมเมนท์

คอมเมนท์ทรัพยากรรายการนี้
  คอมเมนท์: วารสารวิชาการ สมา..


 Copyright 2026. Bcnsprnw @Library